Statystyki dla Najmniejsze kraje od A do Z

Kliknij tutaj aby rozwiązać quiz!

Ogólne statystyki

  • Ten quiz został rozwiązany 383 razy
    (298 od ostatniego zresetowania)
  • Średni wynik to 13 z 24

Statystyki odpowiedzi

literaPaństwo% Poprawnych
WWatykan
83%
ŁŁotwa
80%
OOman
80%
VVanuatu
71%
MMonako
69%
LLiechtenstein
67%
SSan Marino
65%
FFidżi
60%
TTuvalu
55%
NNauru
54%
HHaiti
52%
DDominika
51%
UUrugwaj
51%
AAntigua i Barbuda
50%
PPalau
49%
ZZjednoczone Emiraty Arabskie
49%
CCypr
47%
BBarbados
46%
EEswatini
45%
JJamajka
44%
KKiribati
41%
IIzrael
37%
GGrenada
36%
RRepublika Zielonego Przylądka
22%

Rozkład punktacji

Percentyl według liczby udzielonych odpowiedzi

Procent ludzi z każdym wynikiem

Twoja historia wyników

Nie rozwiązałeś tego quizu od ostatniego zresetowania